Sports Quiz

Random Sports or MLB Quiz
Score 0/25 Timer 06:00
0 Plays Today
Plate Appearances Player % Correct
12,602Derek Jeter
91.6%
12,883Cal Ripken
87.7%
9,788Ted Williams
76.6%
12,504Craig Biggio
73.9%
11,625George Brett
71.3%
10,614Chipper Jones
71.1%
10,232Tony Gwynn
69.3%
9,431Jeff Bagwell
68.9%
12,718Stan Musial
66.5%
9,907Mickey Mantle
63.9%
12,249Robin Yount
63.8%
11,782Brooks Robinson
63.6%
13,992Carl Yastrzemski
62.2%
Plate Appearances Player % Correct
10,062Mike Schmidt
61.3%
10,395Ernie Banks
61%
9,665Lou Gehrig
59.8%
10,211Roberto Clemente
58.6%
11,596Al Kaline
48.7%
11,348Mel Ott
33.5%
9,967Lou Whitaker
30%
9,453Todd Helton
26.2%
9,641Dave Concepcion
23.1%
9,470Pee Wee Reese
22.7%
10,244Charlie Gehringer
16%
10,254Luke Appling
15.7%
Come Together.
Have Fun.
All Virtual.
We all need to come together. Play Sporcle's virtual live trivia to have fun, connect with people, and get your trivia on. Join a live hosted trivia game for your favorite pub trivia experience done virtually. If a virtual private party is more your thing, go here for details.

You're not logged in!

Compare scores with friends on all Sporcle quizzes.
OR
Log In

Sporcle TV

Today on Sporcle TV


Watch our educational content, quiz creation guides, and fun videos on Sporcle TV.

Show Comments

Extras

Top Quizzes Today


Score Distribution

Paid Content

Your Account Isn't Verified!

In order to create a playlist on Sporcle, you need to verify the email address you used during registration. Go to your Sporcle Settings to finish the process.

Report this User

Report this user for behavior that violates our Community Guidelines.

Details: